00700nam a22002057a 450000500170000001000150001702000260003203500130005803700130007108200130008410000250009724500570012226000330017927000680021230000250028050000190030594200270032499900170035195201260036820141119114229.0 aENG-111139 c795.00a9789382420415 aEN-94671 bDBAD/PUB a320.0954 aSutar, Akshaya Kumar aIndian political tradition /cby Akshaya Kumar Sutar aNew DelhibKunal Booksc2014 bNew Delhie110002a4648/21, First Floor, Ansari Road, Daryaganj avii, 224p.c23cm(Hb) aIncludes index 2ddccENmSUTh320.0954 c89839d89839 001040718NFICaDBADbDBADd2014-11-10eDBAD/PUBg795.00l0o320.0954 SUTpEN-94671r2014-11-10 00:00:00t1v795.00yEN